000
00293nam a22001337a 4500
008
170703b xxu||||| |||| 00| 0 eng d
020
_a
9780312439378
041
_a
eng
080
_2
2ND
_a
82
100
_a
22
101
_a
GJL
245
_a
THE MAKING OF THE WEST
_c
HUNT, L
942
_2
udc
_c
BK
999
_c
19851
_d
19851